000
00204 a2200097 4500
001
8006
100
_a
Lewis, M
245
_a
The history of the British navy
260
_a
_b
Allen
_c
090
_c
6414
_d
6414
942
_a
NUST-CAE
_c
M
_c
32950
999
_c
243079
_d
243079